| 000 | 004370000a22001450004500 | ||
|---|---|---|---|
| 090 |
_aAR _b01735 |
||
| 245 | 1 | 0 | _aPhotosynthesis in grass species differing in carbon dioxide fixation pathways |
| 650 | 1 | 4 |
_aAgronomía _995154 |
| 650 | 1 | 4 |
_aFisiología vegetal _912384 |
| 041 | 0 | _aInglés | |
| 700 | 1 |
_aBrown, R. Harold _995155 |
|
| 100 | 1 |
_aMorgan, Jack A. _995156 |
|
| 942 | _cARTICULO | ||
| 773 | 1 |
_tPlant Physiology _3591 _q156-159 _d1980 _g65 |
|
| 999 |
_c10814 _d10814 |
||